000 01642nim a2200349 i 4500
001 197204
003 ES-MaACL
005 20250828062557.0
007 ss lsnjlcipnne
008 250424s1990 sp nnnn |||| 00| spa d
040 _bspa
_cES-MaACL
100 0 _aTomás, Jaime
_9110503
_eaut
245 _aAproximación psicoanalítica a la mitología vasca
_h[Grabación sonora] :
_bconferencia /
_cpor Jaime Tomás ; presenta, León Grinberg.
260 _aMadrid :
_bAteneo de Madrid,
_c1990.
300 _a1 casete (ca. 90 min) :
_bson ;
_c11 cm
490 1 _3Actos culturales en el Ateneo de Madrid
518 _aGrabado el 9 de mayo de 1990 en el Salón de Actos del Ateneo de Madrid.
520 _aConferencia sobre la mitología vasca desde una perspectiva psicoanalista por Jaime Tomás, miembro de la Asociación Psicoanalista de Madrid y componente de la Asociación Psicoanalista Internacional. Presenta León Grinberg, director de la Catedra de Psicoanálisis del Ateneo de Madrid.
540 _aDocumento inédito
594 _5Datos basados en la invitación.
610 2 0 _aAteneo de Madrid-
_xActos culturales-
_y1990-
_vGrabaciones sonoras
_9240083
650 4 _915111
_aMitología vasca
653 _aArchivo de la palabra
655 0 _aConferencias
_9234444
700 0 _aGrinberg, León,
_d1916-2002
_epres
_960064
710 0 _91953
_aAteneo de Madrid.
_bCátedra de Psicoanálisis
_ehis
830 0 _aActos culturales en el Ateneo de Madrid
_9240237
852 _aES-MaACL
_cDEPOZ
_9205282
942 _2udc
_n0
_cCINTASAUD
999 _c197204
_d197204